| 000 | 01143nam a2200265Ia 4500 | ||
|---|---|---|---|
| 003 | GCL | ||
| 005 | 20240530104430.0 | ||
| 008 | 140319s1978 ku g 000 0 ara d | ||
| 040 |
_aGCL / _cGCL |
||
| 082 | 0 | 4 |
_a953/ _bش ت |
| 100 | 1 | _aشاخت، جوزيف | |
| 245 | 1 | 0 |
_aتراث الاسلام : _bالقسم الثالث / _cتصنيف جوزيف شاخت، كليفورد بوزورث ؛ ترجمة حسين مؤنس، احسان صدقى العمد ؛ مراجعة فؤاد زكريا |
| 260 |
_aالكويت : _bالمجلس الوطنى للثقافة والفنون والاداب، _c1978. |
||
| 300 |
_a260 ص. ؛ _c19 سم. |
||
| 490 | 0 |
_aعالم المعرفة ؛ _v12. |
|
| 650 | 0 | 7 |
_2qrmak _aالشريعة الاسلامية |
| 650 | 0 | 7 |
_2qrmak _aالتراث الاسلامى |
| 650 | 0 | 7 |
_2qrmak _aالعلوم عند العرب |
| 650 | 0 | 7 |
_2qrmak _aالحضارة الاسلامية |
| 700 | 1 |
_aبوزورث، كليفورد _eمؤلف مشارك |
|
| 700 | 0 |
_aاحسان صدقى العمد _eمترجم |
|
| 700 | 0 |
_aحسين مؤنس _eمترجم |
|
| 700 | 0 |
_aفؤاد زكريا _eمراجع |
|
| 942 |
_2ddc _cBK |
||
| 999 |
_c47618 _d47618 |
||